| 000 | 00469nam a2200181Ia 4500 | ||
|---|---|---|---|
| 008 | 170918s9999 xx 000 0 und d | ||
| 020 | _a9780141319566 | ||
| 050 | _bD131 2005 | ||
| 100 | _aDahl, Roald | ||
| 245 | _aRoald Dahl's incledible chocolate box / | ||
| 245 | _cby Roald Dahl ; illustrated by Quentin Blake. | ||
| 260 | _aNew York : | ||
| 260 | _bScholastic, | ||
| 260 | _c2005 | ||
| 300 | _a54 pages : | ||
| 300 | _billustrations : | ||
| 300 | _c18cm. | ||
| 999 |
_c344165 _d344165 |
||